Statistics for Southern Things Quiz

Click here to take the quiz!

General Stats

  • This quiz has been taken 46,998 times
    (36,260 since last reset)
  • The average score is 14 of 21

Answer Stats

Clue Answer % Correct
African countrySouth Africa
97%
ContinentSouth America
96%
U.S. stateSouth Dakota
95%
U.S. stateSouth Carolina
94%
Asian countrySouth Korea
93%
African countrySouth Sudan
86%
Area south of the equatorSouthern Hemisphere
83%
Saigon was its capitalSouth Vietnam
72%
Australian stateNew South Wales
66%
Where Cartman livesSouth Park
63%
Just a city boy, born and raised in...South Detroit
60%
About 56% of New ZealandSouth Island
60%
Roald Amundsen's destinationSouth Pole
55%
Largest city in Hampshire, EnglandSouthampton
54%
Miami area known as SoBeSouth Beach
53%
Australian stateSouth Australia
45%
Constellation on Australia's flagSouthern Cross
44%
Major U.S. airlineSouthwest
42%
Russia-occupied region of GeorgiaSouth Ossetia
36%
Down Mexico waySouth of the Border
33%
Home of Notre Dame UniversitySouth Bend
29%

Score Distribution

Percentile by Number Answered

Percent of People with Each Score

Your Score History

You have not taken this quiz since the last reset